Southville International School and Colleges
Your cart is empty.
  • Cart
  • Lists
    Public lists Eva Luna New books Lux_list list_1
    Your lists Log in to create your own lists
  • Log in to your account
  • Your cookies
  • Search history
Southville International School and Colleges
  • Advanced search
  • Recent comments
  • Most popular
  • Libraries

Log in to your account

Log in with GOOGLE


If you do not have an external account, but do have a local account, you can still log in:

  1. Home
  2. MARC view: Business and professional communication :
Normal view MARC view ISBD view

Business and professional communication : (Record no. 25354)

[ view plain ]
MARC details
000 -LEADER
fixed length control field 00912nam a2200217 a 4500
005 - DATE AND TIME OF LATEST TRANSACTION
control field 20140310183618.0
008 - FIXED-LENGTH DATA ELEMENTS--GENERAL INFORMATION
fixed length control field 121030s19uu xx 00 eng d
020 ## - INTERNATIONAL STANDARD BOOK NUMBER
International Standard Book Number 9781412964722
050 ## - LIBRARY OF CONGRESS CALL NUMBER
Classification number HF 5718
Item number .Qu56 2011
100 ## - MAIN ENTRY--PERSONAL NAME
Personal name Quintanilla, Kelly M.
245 ## - TITLE STATEMENT
Title Business and professional communication :
Remainder of title keys for workplace excellence /
Statement of responsibility, etc Kelly M. Quintanilla, Shawn T. Wahl.
260 ## - PUBLICATION, DISTRIBUTION, ETC. (IMPRINT)
Place of publication, distribution, etc Thousand Oaks, Calif. ; London :
Name of publisher, distributor, etc SAGE,
Date of publication, distribution, etc 2011.
300 ## - PHYSICAL DESCRIPTION
Extent 353 p. :
Other physical details ill. col. ;
Dimensions 25 cm.
500 ## - GENERAL NOTE
General note Includes bibliographical references and index
520 ## - SUMMARY, ETC.
Summary, etc This text not only discusses some of the greatest challenges students will face in today's modern workplace but it also provides students with communication strategies they can utilize to work toward a solution
521 ## - TARGET AUDIENCE NOTE
Target audience note
650 ## - SUBJECT ADDED ENTRY--TOPICAL TERM
Topical term or geographic name as entry element Business communication
700 ## - ADDED ENTRY--PERSONAL NAME
Personal name Wahl, Shawn T.
942 ## - ADDED ENTRY ELEMENTS (KOHA)
Koha item type Books
Source of classification or shelving scheme Library of Congress Classification
Call number prefix Foreign
Holdings
Withdrawn status Lost status Source of classification or shelving scheme Damaged status Home library Current library Shelving location Date acquired Source of acquisition Cost, normal purchase price Total Checkouts Full call number Barcode Date last seen Copy number Price effective from Koha item type
    Library of Congress Classification   College Library College Library General Circulation Section 10/30/2012 Donation 7480.00   HF 5718 .Qu56 2011 C15395 05/15/2018 1 10/18/2013 Books

Business and professional communication :

APA

Quintanilla K. M., Wahl S. T., . (2011). Business and professional communication. Thousand Oaks, Calif. ; London: SAGE.

Chicago

Quintanilla Kelly M, Wahl Shawn T, . 2011. Business and professional communication. Thousand Oaks, Calif. ; London: SAGE.

Harvard

Quintanilla K. M., Wahl S. T., . (2011). Business and professional communication. Thousand Oaks, Calif. ; London: SAGE.

MLA

Quintanilla Kelly M, Wahl Shawn T, . Business and professional communication. Thousand Oaks, Calif. ; London: SAGE. 2011.

  • Place hold
  • Print
  • Cite
  • Add to your cart (remove)
  • Save record
    BIBTEX Dublin Core MARCXML MARC (non-Unicode/MARC-8) MARC (Unicode/UTF-8) MARC (Unicode/UTF-8, Standard) MODS (XML) RIS
  • More searches
    Search for this title in:
    Other Libraries (WorldCat) Other Databases (Google Scholar) Online Stores (Bookfinder.com) Open Library (openlibrary.org)

Exporting to Dublin Core...

SOUTHVILLE LIBRARY

Southville International School and Colleges Library

1281 Tropical Ave. Cor. Luxembourg St., BF Homes International, Las Pinas City

Tel. No. 8256374 / 252358 Loc. 117/146

Powered by Koha